Djokovic, Federer ou Nadal ? - Statistiques

Statistiques générales
  • Ce quiz a été pris 248 fois
  • Le résultat moyen est 7 sur 10
Statistiques - réponses
Question Réponse % Correct
Qui a gagné le plus de titres à Roland-Garros ? Rafael Nadal
99%
Qui a remporté le plus de titres sur terre battue ? Rafael Nadal
98%
Qui a remporté le plus de titres sur gazon ? Roger Federer
98%
Qui détient le record du plus grand nombre de titres en Grand Chelem ? Novak Djokovic
95%
Qui a le plus grand nombre de titres en Masters 1000 sur terre battue ? Rafael Nadal
92%
Qui a remporté le plus de titres à Wimbledon ? Roger Federer
92%
Qui a remporté le plus de titres en Masters 1000 ? Novak Djokovic
87%
Qui a le plus grand nombre de titres en Grand Chelem sur une seule surface ? Rafael Nadal
85%
Qui a passé le plus de semaines au rang de numéro 1 mondial ? Novak Djokovic
83%
Qui a le plus grand nombre de finales disputées en Grand Chelem ? Novak Djokovic
76%
Qui a le plus grand nombre de demi-finales disputées en Grand Chelem ? Novak Djokovic
74%
Qui a le plus grand nombre de titres en Coupe Davis ? Rafael Nadal
71%
Qui a remporté le plus de titres en carrière sur le circuit ATP ? Roger Federer
60%
Qui a remporté le plus grand nombre de Grand Chelem en une seule saison ? Les trois
54%
Qui a réalisé le plus de finales consécutives en Grand Chelem ? Roger Federer
46%
Qui a le plus grand nombre de victoires en carrière sur le circuit ATP ? Roger Federer
45%
Qui a remporté le plus de titres en une seule saison ? Roger Federer
41%
Qui a le plus grand nombre de titres différents ? Roger Federer
27%
Qui a infligé le plus de bulles (6-0) en Masters ? Novak Djokovic
23%
Qui a le plus grand nombre de finales disputées en Grand Chelem ? Roger Federer
18%
Qui a le plus grand nombre de finales différentes disputées ? Rafael Nadal
9%
Aucun quiz correspondant
Distribution des résultats
% des personnes avec chaque résultat
Percentile par nombre de réponses
Votre historique - résultats
Vous n’avez pas pris ce quiz